| 000 | 00747nam a2200289Ia 4500 | ||
|---|---|---|---|
| 001 | 331 | ||
| 003 | IT-RoPAU | ||
| 008 | 130308s9999 xx 000 0 und d | ||
| 040 | _aIT-RoPAU | ||
| 040 | _cIT-RoPAU | ||
| 041 | _aITALIANO | ||
| 100 | _aBurlingame Edward | ||
| 100 | _gCodice Aut. SPICS: 8682 | ||
| 245 | _aCongresso del pen club (Il) | ||
| 245 | _bAlmanacco letterario Bompiani 1967 | ||
| 250 | _a1a ed. | ||
| 260 | _aMILANO | ||
| 260 | _bBompiani | ||
| 260 | _c1966 [1° Ed.:1966 - Ed.Ling.Originale:1966] | ||
| 300 | _a"3 p. (prefazione: no ; testo: 3 [pagine: 196-198])" | ||
| 650 | _aSAGGI DI ICONOLOGIA | ||
| 650 | _eCodice materia Spics: 5161 | ||
| 942 | _cBK | ||
| 957 | _71 | ||
| 999 |
_c47809 _d47809 |
||
| 999 | _bSI | ||
| 999 | _g1 | ||